| 000 | 00557nas a2200229 a 4500 | ||
|---|---|---|---|
| 001 | 15292 | ||
| 003 | 30200 | ||
| 005 | 20201118095434.0 | ||
| 008 | ||||||n9999 ||| || || | ||
| 041 | _aspa | ||
| 082 |
_219 _a9186103 |
||
| 110 | _aInstituto Geográfico Agustín Codazzi | ||
| 245 | 0 | _aDiccionario geografico de colombia | |
| 260 |
_aBogotá : _bBanco de la República, _c1990. |
||
| 300 | _a2v | ||
| 562 | _e0 | ||
| 650 | _aCOLOMBIA | ||
| 650 | _aDICCIONARIO | ||
| 650 | _aGEOGRAFÍA | ||
| 650 | _aGEOGRAFÍA FÍSICA | ||
| 942 | _cBKM | ||
| 999 |
_c15292 _d15292 |
||